Globalización y medio ambiente en América latina y el Caribe /
Gardado en:
| Autor Principal: | |
|---|---|
| Formato: | Texto |
| Etiquetas: |
Engadir etiqueta
Sen Etiquetas, Sexa o primeiro en etiquetar este rexistro!
|
MARC
| LEADER | 00000 a a2200000 04500 | ||
|---|---|---|---|
| 001 | 4407 | ||
| 003 | |||
| 040 | |||
| 100 | |a Cabrera, Juan J | ||
| 245 | |a Globalización y medio ambiente en América latina y el Caribe / |c Juan J Cabrera | ||
| 773 | |g volumen 13, número 25; páginas 180-204 | ||
| 999 | |c 27552 |d 27552 | ||
